Countries with the most Syllables - Statistics

General Stats
  • This quiz has been taken 119 times
  • The average score is 6 of 12
Answer Stats
# Countries % Correct
11 Democratic Republic of the Congo
92%
7 Republic of the Congo
76%
7 Dominican Republic
61%
7 Trinidad and Tobago
56%
8 Saint Vincent and the Grenadines
54%
7 Antigua and Barbuda
53%
8 Central African Republic
47%
10 Federated States of Micronesia
46%
8 United Arab Emirates
46%
9 Bosnia and Herzegovina
44%
7 São Tomé and Príncipe
44%
7 Equatorial Guinea
28%
No matching quizzes found
Score Distribution
Percent of People with Each Score
Percentile by Number Answered
Your Score History
You have not taken this quiz